[Event "ODJM A 2023"]
[Site "Willingen GER"]
[Date "2023.06.03"]
[Round "9"]
[White "Melde, Benjamin"]
[Black "Mehner, Lorenz"]
[Result "1-0"]
[Termination "normal"]
[Board "15"]
[WhiteElo "2135"]
[BlackElo "1681"]
[WhiteClock "00:11:04"]
[BlackClock "00:00:54"]
[PlyCount "51"]
[WhiteFideId "12958816"]
[BlackFideId "16293096"]
[EventCountry "GER"]
[EventRounds "9"]
[EventType "swiss"]
[EventDate "2023.05.27"]

1. c4 {[%clk 01:30:57]} {[%emt 00:00:03]} c5 {[%clk 01:30:44]} {[%emt
00:00:16]} 2. g3 {[%clk 01:31:22]} {[%emt 00:00:05]} Nf6 {[%clk 01:31:00]}
{[%emt 00:00:15]} 3. Bg2 {[%clk 01:31:46]} {[%emt 00:00:04]} d5 {[%clk
01:31:24]} {[%emt 00:00:07]} 4. cxd5 {[%clk 01:32:03]} {[%emt 00:00:13]} Nxd5
{[%clk 01:31:50]} {[%emt 00:00:04]} 5. Nc3 {[%clk 01:32:28]} {[%emt 00:00:05]}
Nc7 {[%clk 01:32:00]} {[%emt 00:00:21]} 6. Nf3 {[%clk 01:32:34]} {[%emt
00:00:24]} Nc6 {[%clk 01:32:06]} {[%emt 00:00:24]} 7. O-O {[%clk 01:32:36]}
{[%emt 00:00:27]} e5 {[%clk 01:32:10]} {[%emt 00:00:25]} 8. d3 {[%clk
01:30:41]} {[%emt 00:02:25]} Be7 {[%clk 01:32:08]} {[%emt 00:00:32]} 9. Be3
{[%clk 01:30:58]} {[%emt 00:00:14]} O-O {[%clk 01:32:13]} {[%emt 00:00:25]} 10.
Qa4 {[%clk 01:30:55]} {[%emt 00:00:33]} Rb8 {[%clk 01:25:11]} {[%emt 00:07:32]}
11. Rfc1 {[%clk 01:29:41]} {[%emt 00:01:44]} Bd7 {[%clk 01:21:27]} {[%emt
00:04:14]} 12. Nd2 {[%clk 01:15:30]} {[%emt 00:14:42]} Ne6 {[%clk 01:09:54]}
{[%emt 00:12:03]} 13. Nd5 {[%clk 01:02:58]} {[%emt 00:13:03]} f5 {[%clk
00:57:23]} {[%emt 00:13:01]} 14. Nxe7+ {[%clk 00:36:13]} {[%emt 00:27:14]} Qxe7
{[%clk 00:56:36]} {[%emt 00:01:17]} 15. Bxc6 {[%clk 00:36:36]} {[%emt
00:00:06]} Bxc6 {[%clk 00:42:40]} {[%emt 00:14:27]} 16. Qxa7 {[%clk 00:36:58]}
{[%emt 00:00:09]} f4 {[%clk 00:20:22]} {[%emt 00:22:47]} 17. Bxc5 {[%clk
00:37:17]} {[%emt 00:00:11]} Qg5 {[%clk 00:08:58]} {[%emt 00:11:54]} 18. Bxf8
{[%clk 00:31:40]} {[%emt 00:06:07]} fxg3 {[%clk 00:08:24]} {[%emt 00:01:04]}
19. hxg3 {[%clk 00:32:04]} {[%emt 00:00:06]} Rxf8 {[%clk 00:06:05]} {[%emt
00:02:50]} 20. Rxc6 {[%clk 00:32:11]} {[%emt 00:00:23]} bxc6 {[%clk 00:05:25]}
{[%emt 00:01:10]} 21. Qe3 {[%clk 00:26:35]} {[%emt 00:06:06]} Qh5 {[%clk
00:04:39]} {[%emt 00:01:15]} 22. Nf3 {[%clk 00:23:19]} {[%emt 00:03:47]} Rf6
{[%clk 00:02:06]} {[%emt 00:03:02]} 23. Qxe5 {[%clk 00:10:04]} {[%emt
00:13:46]} Qh3 {[%clk 00:02:12]} {[%emt 00:00:23]} 24. Qb8+ {[%clk 00:10:29]}
{[%emt 00:00:05]} Nf8 {[%clk 00:00:53]} {[%emt 00:01:48]} 25. Qb3+ {[%clk
00:10:47]} {[%emt 00:00:13]} Kh8 {[%clk 00:00:54]} {[%emt 00:00:29]} 26. Qb4
{[%clk 00:11:04]} {[%emt 00:00:14]} 1-0

[Event "ODJM A 2023"]
[Site "Willingen GER"]
[Date "2023.06.03"]
[Round "9"]
[White "Matthes, Benjamin"]
[Black "Gluma, Christian"]
[Result "0-1"]
[Termination "normal"]
[Board "16"]
[WhiteElo "1816"]
[BlackElo "2161"]
[WhiteClock "00:04:45"]
[BlackClock "00:21:35"]
[PlyCount "62"]
[WhiteFideId "16227298"]
[BlackFideId "16223209"]
[EventCountry "GER"]
[EventRounds "9"]
[EventType "swiss"]
[EventDate "2023.05.27"]

1. e4 {[%clk 01:30:53]} {[%emt 00:00:07]} d6 {[%clk 01:30:53]} {[%emt
00:00:07]} 2. d4 {[%clk 01:31:13]} {[%emt 00:00:10]} Nf6 {[%clk 01:31:19]}
{[%emt 00:00:05]} 3. Nc3 {[%clk 01:31:30]} {[%emt 00:00:13]} g6 {[%clk
01:31:43]} {[%emt 00:00:06]} 4. f4 {[%clk 01:30:34]} {[%emt 00:01:25]} Bg7
{[%clk 01:31:52]} {[%emt 00:00:21]} 5. Nf3 {[%clk 01:30:34]} {[%emt 00:00:31]}
O-O {[%clk 01:29:36]} {[%emt 00:02:46]} 6. h3 {[%clk 01:28:06]} {[%emt
00:02:57]} c5 {[%clk 01:24:04]} {[%emt 00:06:02]} 7. Be3 {[%clk 01:20:21]}
{[%emt 00:08:14]} cxd4 {[%clk 01:14:02]} {[%emt 00:10:33]} 8. Nxd4 {[%clk
01:18:32]} {[%emt 00:02:19]} a6 {[%clk 01:04:10]} {[%emt 00:10:22]} 9. Qd2
{[%clk 01:01:24]} {[%emt 00:17:36]} b5 {[%clk 00:57:40]} {[%emt 00:07:01]} 10.
a3 {[%clk 00:45:31]} {[%emt 00:16:23]} Bb7 {[%clk 00:57:19]} {[%emt 00:00:50]}
11. Bd3 {[%clk 00:44:28]} {[%emt 00:01:34]} Nbd7 {[%clk 00:56:02]} {[%emt
00:01:47]} 12. b4 {[%clk 00:30:54]} {[%emt 00:14:05]} Rc8 {[%clk 00:52:59]}
{[%emt 00:03:33]} 13. O-O {[%clk 00:28:34]} {[%emt 00:02:50]} Qc7 {[%clk
00:48:03]} {[%emt 00:05:25]} 14. Nd5 {[%clk 00:26:36]} {[%emt 00:02:30]} Nxd5
{[%clk 00:45:50]} {[%emt 00:02:41]} 15. exd5 {[%clk 00:27:00]} {[%emt
00:00:07]} Nb6 {[%clk 00:44:27]} {[%emt 00:01:53]} 16. f5 {[%clk 00:23:00]}
{[%emt 00:04:30]} Nxd5 {[%clk 00:37:41]} {[%emt 00:07:17]} 17. Bf2 {[%clk
00:18:41]} {[%emt 00:04:49]} Qc3 {[%clk 00:35:51]} {[%emt 00:02:19]} 18. Qxc3
{[%clk 00:15:31]} {[%emt 00:03:40]} Nxc3 {[%clk 00:35:08]} {[%emt 00:01:13]}
19. Rae1 {[%clk 00:14:36]} {[%emt 00:01:25]} Bf6 {[%clk 00:33:17]} {[%emt
00:02:21]} 20. Ne2 {[%clk 00:13:13]} {[%emt 00:01:53]} Nxe2+ {[%clk 00:30:17]}
{[%emt 00:03:30]} 21. Rxe2 {[%clk 00:13:41]} {[%emt 00:00:02]} Rc3 {[%clk
00:29:57]} {[%emt 00:00:49]} 22. Be3 {[%clk 00:11:04]} {[%emt 00:03:08]} Rxa3
{[%clk 00:27:52]} {[%emt 00:02:35]} 23. fxg6 {[%clk 00:09:54]} {[%emt
00:01:39]} fxg6 {[%clk 00:25:44]} {[%emt 00:02:40]} 24. Rxf6 {[%clk 00:07:31]}
{[%emt 00:02:53]} Rxf6 {[%clk 00:24:07]} {[%emt 00:02:07]} 25. Bd4 {[%clk
00:05:53]} {[%emt 00:02:07]} e5 {[%clk 00:22:21]} {[%emt 00:02:16]} 26. Bb2
{[%clk 00:05:44]} {[%emt 00:00:39]} Ra4 {[%clk 00:22:08]} {[%emt 00:00:43]} 27.
c3 {[%clk 00:05:03]} {[%emt 00:01:11]} Bd5 {[%clk 00:20:53]} {[%emt 00:01:44]}
28. Bc2 {[%clk 00:04:50]} {[%emt 00:00:43]} Bc4 {[%clk 00:21:14]} {[%emt
00:00:09]} 29. Rd2 {[%clk 00:04:46]} {[%emt 00:00:34]} Ra2 {[%clk 00:21:18]}
{[%emt 00:00:26]} 30. Be4 {[%clk 00:04:20]} {[%emt 00:00:56]} Rf1+ {[%clk
00:21:12]} {[%emt 00:00:36]} 31. Kh2 {[%clk 00:04:45]} {[%emt 00:00:05]} d5
{[%clk 00:21:35]} {[%emt 00:00:06]} 0-1

[Event "ODJM A 2023"]
[Site "Willingen GER"]
[Date "2023.06.03"]
[Round "9"]
[White "Grunert, Friedrich"]
[Black "Meyer, Emil"]
[Result "1-0"]
[Termination "normal"]
[Board "17"]
[WhiteElo "1975"]
[BlackElo "1825"]
[WhiteClock "01:36:49"]
[BlackClock "00:27:47"]
[PlyCount "111"]
[WhiteFideId "12995592"]
[BlackFideId "34625771"]
[EventCountry "GER"]
[EventRounds "9"]
[EventType "swiss"]
[EventDate "2023.05.27"]

1. d4 {[%clk 01:30:57]} {[%emt 00:00:03]} Nf6 {[%clk 01:30:29]} {[%emt
00:00:32]} 2. c4 {[%clk 01:31:24]} {[%emt 00:00:03]} e6 {[%clk 01:30:44]}
{[%emt 00:00:15]} 3. Nf3 {[%clk 01:31:16]} {[%emt 00:00:38]} d5 {[%clk
01:31:02]} {[%emt 00:00:12]} 4. Nc3 {[%clk 01:31:29]} {[%emt 00:00:17]} dxc4
{[%clk 01:30:06]} {[%emt 00:01:25]} 5. e3 {[%clk 01:31:51]} {[%emt 00:00:09]}
a6 {[%clk 01:30:25]} {[%emt 00:00:11]} 6. a4 {[%clk 01:30:58]} {[%emt
00:01:23]} c5 {[%clk 01:30:30]} {[%emt 00:00:25]} 7. Bxc4 {[%clk 01:31:06]}
{[%emt 00:00:21]} Nc6 {[%clk 01:30:05]} {[%emt 00:00:55]} 8. O-O {[%clk
01:31:18]} {[%emt 00:00:17]} cxd4 {[%clk 01:30:20]} {[%emt 00:00:16]} 9. exd4
{[%clk 01:31:45]} {[%emt 00:00:04]} Be7 {[%clk 01:30:36]} {[%emt 00:00:14]} 10.
Bg5 {[%clk 01:31:56]} {[%emt 00:00:18]} O-O {[%clk 01:29:55]} {[%emt 00:01:11]}
11. Re1 {[%clk 01:31:24]} {[%emt 00:01:02]} Re8 {[%clk 01:28:08]} {[%emt
00:02:18]} 12. Qd2 {[%clk 01:31:01]} {[%emt 00:00:53]} Bd7 {[%clk 01:21:09]}
{[%emt 00:07:29]} 13. Rad1 {[%clk 01:31:04]} {[%emt 00:00:25]} Rc8 {[%clk
01:05:37]} {[%emt 00:16:04]} 14. d5 {[%clk 01:22:01]} {[%emt 00:09:33]} Nxd5
{[%clk 00:55:40]} {[%emt 00:10:26]} 15. Nxd5 {[%clk 01:22:03]} {[%emt
00:00:29]} exd5 {[%clk 00:48:17]} {[%emt 00:07:53]} 16. Bxd5 {[%clk 01:15:19]}
{[%emt 00:07:14]} Be6 {[%clk 00:39:41]} {[%emt 00:09:05]} 17. Rxe6 {[%clk
01:15:06]} {[%emt 00:00:43]} fxe6 {[%clk 00:38:59]} {[%emt 00:01:11]} 18. Bxe6+
{[%clk 01:15:33]} {[%emt 00:00:04]} Kh8 {[%clk 00:39:15]} {[%emt 00:00:14]} 19.
Bxe7 {[%clk 01:13:24]} {[%emt 00:02:40]} Qxd2 {[%clk 00:33:47]} {[%emt
00:05:57]} 20. Rxd2 {[%clk 01:13:47]} {[%emt 00:00:09]} Ra8 {[%clk 00:29:08]}
{[%emt 00:05:08]} 21. Ng5 {[%clk 01:14:03]} {[%emt 00:00:13]} Rxe7 {[%clk
00:29:21]} {[%emt 00:00:18]} 22. Nf7+ {[%clk 01:14:28]} {[%emt 00:00:04]} Kg8
{[%clk 00:29:11]} {[%emt 00:00:40]} 23. Ng5+ {[%clk 01:14:55]} {[%emt
00:00:04]} Rxe6 {[%clk 00:28:46]} {[%emt 00:00:55]} 24. Nxe6 {[%clk 01:15:22]}
{[%emt 00:00:03]} Re8 {[%clk 00:29:06]} {[%emt 00:00:10]} 25. Re2 {[%clk
01:15:46]} {[%emt 00:00:05]} b5 {[%clk 00:25:58]} {[%emt 00:03:38]} 26. axb5
{[%clk 01:14:48]} {[%emt 00:01:29]} axb5 {[%clk 00:24:06]} {[%emt 00:02:22]}
27. Kf1 {[%clk 01:14:59]} {[%emt 00:00:18]} h6 {[%clk 00:21:14]} {[%emt
00:03:23]} 28. Nc7 {[%clk 01:13:28]} {[%emt 00:02:01]} Rb8 {[%clk 00:19:37]}
{[%emt 00:02:06]} 29. Re8+ {[%clk 01:12:53]} {[%emt 00:01:06]} Rxe8 {[%clk
00:19:59]} {[%emt 00:00:08]} 30. Nxe8 {[%clk 01:13:21]} {[%emt 00:00:03]} Nd4
{[%clk 00:13:39]} {[%emt 00:06:50]} 31. Ke1 {[%clk 01:13:06]} {[%emt 00:00:43]}
Kf7 {[%clk 00:13:25]} {[%emt 00:00:44]} 32. Nc7 {[%clk 01:13:30]} {[%emt
00:00:07]} Ke7 {[%clk 00:12:00]} {[%emt 00:01:54]} 33. Kd2 {[%clk 01:13:49]}
{[%emt 00:00:11]} Kd6 {[%clk 00:08:56]} {[%emt 00:03:34]} 34. Ne8+ {[%clk
01:13:56]} {[%emt 00:00:23]} Kc5 {[%clk 00:09:06]} {[%emt 00:00:21]} 35. Nxg7
{[%clk 01:14:09]} {[%emt 00:00:17]} Kc4 {[%clk 00:09:08]} {[%emt 00:00:27]} 36.
f4 {[%clk 01:14:01]} {[%emt 00:00:37]} Kb3 {[%clk 00:08:22]} {[%emt 00:01:17]}
37. f5 {[%clk 01:12:14]} {[%emt 00:02:18]} Kxb2 {[%clk 00:08:11]} {[%emt
00:00:41]} 38. f6 {[%clk 01:12:40]} {[%emt 00:00:04]} Nb3 {[%clk 00:08:33]}
{[%emt 00:00:07]} 39. Kd1 {[%clk 01:12:53]} {[%emt 00:00:17]} Nc5 {[%clk
00:08:45]} {[%emt 00:00:19]} 40. f7 {[%clk 01:13:11]} {[%emt 00:00:12]} Nd7
{[%clk 00:09:06]} {[%emt 00:00:08]} 41. Ne6 {[%clk 01:11:37]} {[%emt 00:02:04]}
b4 {[%clk 00:09:19]} {[%emt 00:00:18]} 42. Nc5 {[%clk 01:11:06]} {[%emt
00:01:00]} Nf8 {[%clk 00:09:21]} {[%emt 00:00:29]} 43. Kd2 {[%clk 01:10:08]}
{[%emt 00:01:25]} b3 {[%clk 00:03:53]} {[%emt 00:06:01]} 44. Nd3+ {[%clk
01:09:04]} {[%emt 00:01:34]} Ka3 {[%clk 00:01:06]} {[%emt 00:03:16]} 45. Kc3
{[%clk 01:09:27]} {[%emt 00:00:07]} Nh7 {[%clk 00:30:08]} {[%emt 00:01:28]} 46.
g4 {[%clk 01:36:34]} {[%emt 00:03:23]} Nf8 {[%clk 00:30:00]} {[%emt 00:00:38]}
47. h4 {[%clk 01:36:32]} {[%emt 00:00:33]} Nh7 {[%clk 00:30:06]} {[%emt
00:00:22]} 48. g5 {[%clk 01:36:46]} {[%emt 00:00:17]} hxg5 {[%clk 00:30:26]}
{[%emt 00:00:10]} 49. hxg5 {[%clk 01:37:14]} {[%emt 00:00:03]} Nf8 {[%clk
00:30:49]} {[%emt 00:00:07]} 50. Kd4 {[%clk 01:37:11]} {[%emt 00:00:33]} Ka4
{[%clk 00:29:10]} {[%emt 00:02:09]} 51. Nc5+ {[%clk 01:36:50]} {[%emt
00:00:50]} Kb5 {[%clk 00:28:08]} {[%emt 00:01:32]} 52. Nxb3 {[%clk 01:36:58]}
{[%emt 00:00:23]} Kc6 {[%clk 00:28:26]} {[%emt 00:00:12]} 53. Ke5 {[%clk
01:37:15]} {[%emt 00:00:13]} Kd7 {[%clk 00:27:30]} {[%emt 00:01:26]} 54. Kf6
{[%clk 01:37:04]} {[%emt 00:00:40]} Nh7+ {[%clk 00:27:31]} {[%emt 00:00:29]}
55. Kg7 {[%clk 01:36:21]} {[%emt 00:01:12]} Nxg5 {[%clk 00:27:47]} {[%emt
00:00:15]} 56. Nc5+ {[%clk 01:36:49]} {[%emt 00:00:03]} 1-0

[Event "ODJM A 2023"]
[Site "Willingen GER"]
[Date "2023.06.03"]
[Round "9"]
[White "Stegert, Jonas"]
[Black "Zobel, Christian"]
[Result "1/2-1/2"]
[Termination "normal"]
[Board "18"]
[WhiteElo "1838"]
[BlackElo "1633"]
[WhiteClock "00:34:31"]
[BlackClock "00:29:12"]
[PlyCount "183"]
[WhiteFideId "16247965"]
[BlackFideId "16259068"]
[EventCountry "GER"]
[EventRounds "9"]
[EventType "swiss"]
[EventDate "2023.05.27"]

1. d4 {[%clk 01:30:58]} {[%emt 00:00:02]} Nf6 {[%clk 01:30:54]} {[%emt
00:00:07]} 2. Nf3 {[%clk 01:31:07]} {[%emt 00:00:20]} e6 {[%clk 01:30:14]}
{[%emt 00:01:11]} 3. e3 {[%clk 01:31:27]} {[%emt 00:00:10]} b6 {[%clk
01:29:16]} {[%emt 00:01:27]} 4. b3 {[%clk 01:31:49]} {[%emt 00:00:08]} Bb7
{[%clk 01:26:55]} {[%emt 00:02:51]} 5. Bb2 {[%clk 01:32:11]} {[%emt 00:00:08]}
Bb4+ {[%clk 01:24:19]} {[%emt 00:03:06]} 6. c3 {[%clk 01:32:25]} {[%emt
00:00:16]} Be7 {[%clk 01:24:44]} {[%emt 00:00:05]} 7. Nbd2 {[%clk 01:32:49]}
{[%emt 00:00:06]} O-O {[%clk 01:22:22]} {[%emt 00:02:52]} 8. Bd3 {[%clk
01:33:15]} {[%emt 00:00:04]} d5 {[%clk 01:20:48]} {[%emt 00:02:04]} 9. O-O
{[%clk 01:33:39]} {[%emt 00:00:06]} Nbd7 {[%clk 01:17:32]} {[%emt 00:03:46]}
10. Ne5 {[%clk 01:33:19]} {[%emt 00:00:50]} Ne4 {[%clk 01:11:23]} {[%emt
00:06:38]} 11. f4 {[%clk 01:23:17]} {[%emt 00:10:32]} Nxd2 {[%clk 01:02:01]}
{[%emt 00:09:54]} 12. Qxd2 {[%clk 01:23:41]} {[%emt 00:00:06]} f5 {[%clk
01:02:24]} {[%emt 00:00:05]} 13. Rf3 {[%clk 01:21:32]} {[%emt 00:02:39]} Nxe5
{[%clk 00:59:24]} {[%emt 00:03:31]} 14. fxe5 {[%clk 01:21:56]} {[%emt
00:00:06]} g5 {[%clk 00:52:43]} {[%emt 00:07:11]} 15. h3 {[%clk 01:04:56]}
{[%emt 00:17:30]} Qe8 {[%clk 00:45:49]} {[%emt 00:07:24]} 16. g4 {[%clk
01:03:39]} {[%emt 00:01:48]} fxg4 {[%clk 00:45:31]} {[%emt 00:00:48]} 17. Rxf8+
{[%clk 01:04:04]} {[%emt 00:00:04]} Qxf8 {[%clk 00:45:58]} {[%emt 00:00:03]}
18. Rf1 {[%clk 01:04:15]} {[%emt 00:00:18]} Qh6 {[%clk 00:44:54]} {[%emt
00:01:35]} 19. hxg4 {[%clk 01:04:40]} {[%emt 00:00:06]} Qh3 {[%clk 00:40:01]}
{[%emt 00:05:22]} 20. Qe2 {[%clk 00:54:55]} {[%emt 00:10:16]} Rf8 {[%clk
00:37:18]} {[%emt 00:03:12]} 21. Rxf8+ {[%clk 00:55:15]} {[%emt 00:00:10]} Bxf8
{[%clk 00:37:25]} {[%emt 00:00:23]} 22. Bc1 {[%clk 00:55:32]} {[%emt 00:00:13]}
Bc6 {[%clk 00:31:46]} {[%emt 00:06:08]} 23. Qg2 {[%clk 00:55:02]} {[%emt
00:01:00]} Qh4 {[%clk 00:31:18]} {[%emt 00:00:59]} 24. Bd2 {[%clk 00:54:18]}
{[%emt 00:01:14]} Be8 {[%clk 00:23:07]} {[%emt 00:08:41]} 25. Kf1 {[%clk
00:53:22]} {[%emt 00:01:26]} b5 {[%clk 00:17:51]} {[%emt 00:05:46]} 26. Be1
{[%clk 00:49:13]} {[%emt 00:04:38]} Qh6 {[%clk 00:17:54]} {[%emt 00:00:27]} 27.
b4 {[%clk 00:49:38]} {[%emt 00:00:06]} c6 {[%clk 00:16:40]} {[%emt 00:01:44]}
28. e4 {[%clk 00:45:32]} {[%emt 00:04:37]} Qg7 {[%clk 00:14:07]} {[%emt
00:03:01]} 29. exd5 {[%clk 00:45:13]} {[%emt 00:00:51]} cxd5 {[%clk 00:14:30]}
{[%emt 00:00:07]} 30. Ke2 {[%clk 00:45:22]} {[%emt 00:00:21]} h5 {[%clk
00:11:03]} {[%emt 00:03:57]} 31. gxh5 {[%clk 00:45:31]} {[%emt 00:00:20]} Bxh5+
{[%clk 00:11:24]} {[%emt 00:00:09]} 32. Kd2 {[%clk 00:45:57]} {[%emt 00:00:04]}
Be8 {[%clk 00:09:24]} {[%emt 00:02:30]} 33. Qg4 {[%clk 00:45:30]} {[%emt
00:00:57]} Bd7 {[%clk 00:07:11]} {[%emt 00:02:44]} 34. Bf2 {[%clk 00:45:39]}
{[%emt 00:00:18]} Qh6 {[%clk 00:06:18]} {[%emt 00:01:24]} 35. Be3 {[%clk
00:45:21]} {[%emt 00:00:49]} Be7 {[%clk 00:06:35]} {[%emt 00:00:13]} 36. Be2
{[%clk 00:45:10]} {[%emt 00:00:42]} Qh4 {[%clk 00:05:33]} {[%emt 00:01:31]} 37.
Qxh4 {[%clk 00:45:09]} {[%emt 00:00:31]} gxh4 {[%clk 00:05:57]} {[%emt
00:00:06]} 38. Bh5 {[%clk 00:41:04]} {[%emt 00:04:34]} h3 {[%clk 00:03:18]}
{[%emt 00:03:09]} 39. Bf4 {[%clk 00:39:34]} {[%emt 00:02:00]} h2 {[%clk
00:02:18]} {[%emt 00:01:30]} 40. Bxh2 {[%clk 00:38:02]} {[%emt 00:02:03]} Bg5+
{[%clk 00:02:43]} {[%emt 00:00:05]} 41. Kd3 {[%clk 00:37:52]} {[%emt 00:00:40]}
Kg7 {[%clk 00:02:46]} {[%emt 00:00:27]} 42. Bg1 {[%clk 00:38:00]} {[%emt
00:00:22]} Kh6 {[%clk 00:02:44]} {[%emt 00:00:32]} 43. Bg4 {[%clk 00:37:55]}
{[%emt 00:00:35]} Bf4 {[%clk 00:02:47]} {[%emt 00:00:27]} 44. Be3 {[%clk
00:35:05]} {[%emt 00:03:20]} Kg5 {[%clk 00:03:07]} {[%emt 00:00:09]} 45. Bh3
{[%clk 00:35:02]} {[%emt 00:00:33]} Bxe3 {[%clk 00:01:55]} {[%emt 00:01:42]}
46. Kxe3 {[%clk 00:35:26]} {[%emt 00:00:07]} Kh4 {[%clk 00:02:21]} {[%emt
00:00:03]} 47. Bf1 {[%clk 00:35:41]} {[%emt 00:00:15]} Kg3 {[%clk 00:02:43]}
{[%emt 00:00:09]} 48. Bd3 {[%clk 00:35:55]} {[%emt 00:00:16]} Be8 {[%clk
00:02:34]} {[%emt 00:00:38]} 49. Bh7 {[%clk 00:35:12]} {[%emt 00:01:14]} Bf7
{[%clk 00:02:52]} {[%emt 00:00:12]} 50. Bd3 {[%clk 00:34:39]} {[%emt 00:01:04]}
Be8 {[%clk 00:03:16]} {[%emt 00:00:05]} 51. Bc2 {[%clk 00:34:59]} {[%emt
00:00:07]} Bh5 {[%clk 00:02:52]} {[%emt 00:00:56]} 52. a3 {[%clk 00:35:12]}
{[%emt 00:00:19]} a6 {[%clk 00:01:53]} {[%emt 00:01:28]} 53. a4 {[%clk
00:34:52]} {[%emt 00:00:49]} Be8 {[%clk 00:01:49]} {[%emt 00:00:34]} 54. axb5
{[%clk 00:35:08]} {[%emt 00:00:15]} axb5 {[%clk 00:02:11]} {[%emt 00:00:08]}
55. Bd1 {[%clk 00:34:48]} {[%emt 00:00:49]} Bg6 {[%clk 00:00:56]} {[%emt
00:01:45]} 56. Be2 {[%clk 00:35:04]} {[%emt 00:00:14]} Be8 {[%clk 00:01:19]}
{[%emt 00:00:07]} 57. Bd3 {[%clk 00:35:20]} {[%emt 00:00:15]} Kg4 {[%clk
00:01:14]} {[%emt 00:00:35]} 58. Bf1 {[%clk 00:35:22]} {[%emt 00:00:27]} Kg3
{[%clk 00:30:15]} {[%emt 00:01:30]} 59. Be2 {[%clk 01:05:47]} {[%emt 00:00:06]}
Bd7 {[%clk 00:28:26]} {[%emt 00:02:18]} 60. Bh5 {[%clk 01:06:01]} {[%emt
00:00:17]} Bc6 {[%clk 00:28:44]} {[%emt 00:00:11]} 61. Bg6 {[%clk 01:05:06]}
{[%emt 00:01:26]} Kg4 {[%clk 00:28:29]} {[%emt 00:00:44]} 62. Bf7 {[%clk
00:46:14]} {[%emt 00:19:23]} Kf5 {[%clk 00:28:43]} {[%emt 00:00:16]} 63. Kf3
{[%clk 00:45:36]} {[%emt 00:01:08]} Bd7 {[%clk 00:28:51]} {[%emt 00:00:21]} 64.
Bh5 {[%clk 00:45:40]} {[%emt 00:00:26]} Kg5 {[%clk 00:27:25]} {[%emt 00:01:56]}
65. Bf7 {[%clk 00:40:29]} {[%emt 00:05:41]} Kf5 {[%clk 00:26:09]} {[%emt
00:01:46]} 66. Ke3 {[%clk 00:40:51]} {[%emt 00:00:07]} Kg5 {[%clk 00:25:06]}
{[%emt 00:01:33]} 67. c4 {[%clk 00:28:20]} {[%emt 00:13:02]} bxc4 {[%clk
00:24:50]} {[%emt 00:00:45]} 68. b5 {[%clk 00:27:33]} {[%emt 00:01:17]} Bxb5
{[%clk 00:24:48]} {[%emt 00:00:32]} 69. Bxe6 {[%clk 00:27:59]} {[%emt
00:00:05]} Bc6 {[%clk 00:25:15]} {[%emt 00:00:02]} 70. Kd2 {[%clk 00:28:00]}
{[%emt 00:00:29]} Kg6 {[%clk 00:22:23]} {[%emt 00:03:22]} 71. Kc3 {[%clk
00:28:25]} {[%emt 00:00:05]} Kg7 {[%clk 00:22:47]} {[%emt 00:00:06]} 72. Kb4
{[%clk 00:28:42]} {[%emt 00:00:13]} Kf8 {[%clk 00:23:03]} {[%emt 00:00:14]} 73.
Kc5 {[%clk 00:28:50]} {[%emt 00:00:22]} c3 {[%clk 00:22:07]} {[%emt 00:01:26]}
74. Bf5 {[%clk 00:29:09]} {[%emt 00:00:10]} Ba4 {[%clk 00:22:33]} {[%emt
00:00:05]} 75. Kxd5 {[%clk 00:29:29]} {[%emt 00:00:10]} c2 {[%clk 00:22:59]}
{[%emt 00:00:04]} 76. Bxc2 {[%clk 00:29:53]} {[%emt 00:00:07]} Bxc2 {[%clk
00:23:27]} {[%emt 00:00:02]} 77. Kd6 {[%clk 00:29:35]} {[%emt 00:00:47]} Ke8
{[%clk 00:23:42]} {[%emt 00:00:16]} 78. d5 {[%clk 00:29:42]} {[%emt 00:00:23]}
Bb3 {[%clk 00:23:54]} {[%emt 00:00:17]} 79. Ke6 {[%clk 00:29:22]} {[%emt
00:00:52]} Bxd5+ {[%clk 00:24:17]} {[%emt 00:00:06]} 80. Kxd5 {[%clk 00:29:46]}
{[%emt 00:00:06]} Kd7 {[%clk 00:24:42]} {[%emt 00:00:05]} 81. e6+ {[%clk
00:30:05]} {[%emt 00:00:12]} Ke7 {[%clk 00:25:08]} {[%emt 00:00:03]} 82. Ke5
{[%clk 00:30:30]} {[%emt 00:00:05]} Ke8 {[%clk 00:25:34]} {[%emt 00:00:03]} 83.
Kd6 {[%clk 00:30:51]} {[%emt 00:00:09]} Kd8 {[%clk 00:26:00]} {[%emt 00:00:05]}
84. Kc6 {[%clk 00:31:12]} {[%emt 00:00:09]} Ke7 {[%clk 00:26:21]} {[%emt
00:00:07]} 85. Kd5 {[%clk 00:31:38]} {[%emt 00:00:04]} Ke8 {[%clk 00:26:46]}
{[%emt 00:00:05]} 86. Ke5 {[%clk 00:31:51]} {[%emt 00:00:18]} Ke7 {[%clk
00:27:08]} {[%emt 00:00:09]} 87. Kf5 {[%clk 00:32:18]} {[%emt 00:00:03]} Ke8
{[%clk 00:27:30]} {[%emt 00:00:07]} 88. Kg6 {[%clk 00:32:45]} {[%emt 00:00:03]}
Ke7 {[%clk 00:27:54]} {[%emt 00:00:06]} 89. Kf5 {[%clk 00:33:12]} {[%emt
00:00:03]} Ke8 {[%clk 00:28:21]} {[%emt 00:00:03]} 90. Kf6 {[%clk 00:33:38]}
{[%emt 00:00:04]} Kf8 {[%clk 00:28:47]} {[%emt 00:00:04]} 91. e7+ {[%clk
00:34:05]} {[%emt 00:00:04]} Ke8 {[%clk 00:29:12]} {[%emt 00:00:04]} 92. Ke6
{[%clk 00:34:31]} {[%emt 00:00:03]} 1/2-1/2